| Tag |
First Indicator |
Second Indicator |
Subfields |
| LEADER |
00000cam a2200000 a 4500 |
| 001 |
in00000017175 |
| 005 |
20151007053412.0 |
| 008 |
841003s1985 maua j 00011 eng |
| 010 |
|
|
|a 84022432
|
| 020 |
|
|
|a 0395381339
|
| 035 |
|
|
|a (OCoLC)11291115
|
| 035 |
|
|
|9 AAB1531AM
|
| 040 |
|
|
|a DLC
|c DLC
|d m/c
|d TXA
|d UtOrBLW
|
| 049 |
|
|
|a [Curr Col] TXAM
|c [A11061553]
|
| 050 |
0 |
0 |
|a PZ7.L9673
|b Ap 1985
|
| 082 |
0 |
|
|a [Fic]
|2 19
|
| 100 |
1 |
|
|a Lowry, Lois.
|
| 245 |
1 |
0 |
|a Anastasia on her own /
|c Lois Lowry.
|
| 264 |
|
1 |
|a Boston :
|b Houghton Mifflin,
|c 1985.
|
| 300 |
|
|
|a 131 pages :
|b illustrations ;
|c 22 cm.
|
| 336 |
|
|
|a text
|b txt
|2 rdacontent
|
| 337 |
|
|
|a unmediated
|b n
|2 rdamedia
|
| 338 |
|
|
|a volume
|b nc
|2 rdacarrier
|
| 520 |
|
|
|a Her family's new organized schedule for easy housekeeping makes thirteen-year-old Anastasia confident that she can run the household while her mother is out of town, until she hits unexpected complications.
|
| 650 |
|
1 |
|a Family life
|x Fiction.
|
| 999 |
|
|
|a MARS
|
| 999 |
f |
f |
|s cab2b68c-919b-3af2-83f3-dd46b354c513
|i f4e8592d-000a-395c-a42a-ada22004dc35
|t 0
|
| 952 |
f |
f |
|p ric
|a Texas A&M University
|b Rellis Campus
|c Joint Library Facility
|d Remote Storage
|t 0
|e PZ7.L9673 Ap 1985
|h Library of Congress classification
|i unmediated -- volume
|m A14811061553
|
| 998 |
f |
f |
|a PZ7.L9673 Ap 1985
|t 0
|l Remote Storage
|